• 首页
  • 本馆介绍
  • 公告通知
  • 最新文献
  • 馆藏检索
  • 电子资源
  • 读者导购
  • 参考咨询
  • 我的图书馆
  • 登录
  • 详细信息显示
  • 放入我的书架
  • 预约/预借图书
  • 作者相关作品
  • 分类相关作品
  • 丛书相关作品
  • 出版社相关作品

书目信息

  • 表格格式
  • 工作单格式
  • 卡片格式
题名:
1944阿登战役
    
 
作者: 比弗 著 ;董旻杰 译
分册:  
出版信息: 北京   中信出版集团股份有限公司  2018
页数: 516页
开本: 21cm
丛书名:
单 册:
中图分类: E195.2
科图分类:
主题词: 第二次世界大战战役--史料
电子资源:
ISBN: 978-7-5086-6353-1
000 00944nam0 2200253 450
001 012001004393
005 20140928162349.0
010    @a978-7-5086-6353-1@b精装@dCNY78.00
100    @a20180513d2018 em y0chiy50 ea
101 1  @achi@ceng
102    @aCN@b110000
105    @aab z 000yy
106    @ar
200 1  @a1944阿登战役@91944 a deng zhan yi@e希特勒的最后反攻@dArdennes 1944@eHitler's last gamble@f(英)安东尼·比弗(Antony Beevor)著@g董旻杰译@zeng
210    @a北京@c中信出版集团股份有限公司@d2018
215    @a516页@c图,照片,地图@d21cm
330    @a本书主要讲了1944年西线战场最大规模的阵地反击战——“阿登战役”——从计划到结束的全部过程。
510 1  @aArdennes 1944@eHitler's last gamble@zeng
606 0  @a第二次世界大战战役@j史料
690    @aE195.2@v5
701  0 @c(英)@a比弗@9bi fu@c(Beevor, Antony)@4著
702  0 @a董旻杰@9dong min jie@4译
801  0 @aCN@b上海新华@c20180901
905    @b1164910-4@dE195.2@e104@f5
    
    1944阿登战役:希特勒的最后反攻=Ardennes 1944:Hitler's last gamble/(英)安东尼·比弗(Antony Beevor)著/董旻杰译.-北京:中信出版集团股份有限公司,2018
    516页:图,照片,地图;21cm
    
    
    ISBN 978-7-5086-6353-1(精装):CNY78.00
    本书主要讲了1944年西线战场最大规模的阵地反击战——“阿登战役”——从计划到结束的全部过程。
●
相关链接 在E读中查询图书 在五车中查询图书 在当当中查询图书 在豆瓣中查询图书


正题名:1944阿登战役     索取号:E195.2/104         预约/预借

序号 登录号 条形码 馆藏地/架位号 状态 备注
1 1164910   211649108   第一样本阅览室/ [索取号:E195.2/104] 在馆    
2 1164911   211649117   第一借阅区/ [索取号:E195.2/104] 在馆    
3 1164912   211649126   第一借阅区/ [索取号:E195.2/104] 在馆    
4 1164913   211649135   第一借阅区/ [索取号:E195.2/104] 在馆    
5 1164914   211649144   第一借阅区/ [索取号:E195.2/104] 在馆    
唐山师范学院图书馆 欢迎您!
大连网信软件有限公司© 版权所有